000 00724nam a2200229Ia 4500
008 191130s2010##################000#0#eng##
020 _a9781400067947
040 _aACL
_cACL
082 _a813.54 MAI
100 _aMailer, Norris Church
245 _aA ticket to the circus : a memoir
_cNorris Church Mailer
250 _a1st ed
260 _aNew York
_bRandom House
_c2010
300 _a416 p. : ill., ports. ; 24 cm
650 _aAuthors' spouses - United States - Biography
650 _aAuthors, American - 20th century - Biography
650 _aMailer, Norman - Marriage
650 _aMailer, Norris Church - Marriage
990 _a4f276f9dac10000c7b35cbf12696fddd
991 _a295969
999 _c359629
_d359629